[Event "62.HEM 2008, Gruppe D"]
[Site "Hanau"]
[Date "2008.03.21"]
[Round "1.27"]
[White "Minarsch, Hans"]
[Black "Heckwolf, Thomas"]
[Result "0-1"]
[WhiteElo "1617"]
[BlackElo "1513"]
[PlyCount "118"]
[EventDate "2008.??.??"]

1. Nf3 Nc6 2. d4 d5 3. c4 e6 4. Nc3 Bb4 5. e3 Nf6 6. Bd3 Bxc3+ 7. bxc3 dxc4 8.
Bxc4 O-O 9. O-O Ne7 10. Ba3 Re8 11. Qc2 Ng6 12. e4 b6 13. Bb5 Bd7 14. Bxd7 Qxd7
15. e5 Nd5 16. g3 Rac8 17. c4 Nde7 18. Rad1 c6 19. Rfe1 b5 20. Ng5 bxc4 21.
Qxc4 Qd5 22. Qc2 Nf5 23. Bc5 Rb8 24. Bxa7 Ra8 25. Qc5 Qxa2 26. Ra1 Qd2 27. Ne4
Qd3 28. Qxc6 Rac8 29. Qb7 Rcd8 30. Ng5 Re7 31. Qc6 Nxd4 32. Bxd4 Qxd4 33. Red1
Qxd1+ 34. Rxd1 Rxd1+ 35. Kg2 Red7 36. Nf3 R1d5 37. h4 h6 38. h5 Ne7 39. Qa8+
Kh7 40. g4 Rd8 41. Qb7 R5d7 42. Qe4+ g6 43. g5 Nf5 44. gxh6 Kxh6 45. Qf4+ Kg7
46. h6+ Nxh6 47. Qf6+ Kh7 48. Qh4 Rh8 49. Ng5+ Kg7 50. Ne4 Ng8 51. Qg3 Rh6 52.
f4 Rd1 53. Qf3 Rhh1 54. Ng3 Rhg1+ 55. Kf2 Nh6 56. Qb3 Nf5 57. Ne4 Rgf1+ 58. Kg2
Rg1+ 59. Kf2 Rdf1+ 0-1

[Event "62.HEM 2008, Gruppe D"]
[Site "Hanau"]
[Date "2008.03.21"]
[Round "1.28"]
[White "Storch, Dominik"]
[Black "Didicher, Dietmar"]
[Result "0-1"]
[WhiteElo "1508"]
[BlackElo "1612"]
[PlyCount "80"]
[EventDate "2008.??.??"]

1. d4 Nf6 2. Nf3 e6 3. e3 a6 4. Bd3 b6 5. Nbd2 Bb7 6. e4 d6 7. O-O Nbd7 8. Qe2
Be7 9. Rd1 Nf8 10. e5 Nd5 11. Ne4 Ng6 12. Qe1 Ndf4 13. Bxf4 Nxf4 14. Bf1 h6 15.
c4 O-O 16. Qe3 Ng6 17. exd6 cxd6 18. Nc3 Nh4 19. Nxh4 Bxh4 20. d5 e5 21. f4 Re8
22. fxe5 Rxe5 23. Qf3 Qd7 24. g3 Bg5 25. Re1 Rae8 26. Rxe5 Rxe5 27. Ne4 Bd8 28.
Bd3 f5 29. Nc3 Bc8 30. Qf2 Qe8 31. Kf1 f4 32. Ne2 Bh3+ 33. Kg1 fxg3 34. Nxg3
Bg5 35. Qc2 Re1+ 36. Rxe1 Qxe1+ 37. Nf1 Be3+ 38. Kh1 Bxf1 39. Qb1 Bxd3+ 40.
Qxe1 Be4# 0-1

[Event "62.HEM 2008, Gruppe D"]
[Site "Hanau"]
[Date "2008.03.21"]
[Round "1.29"]
[White "Lotte, Stephan"]
[Black "Boethelt, Klaus-Dieter"]
[Result "1-0"]
[WhiteElo "1603"]
[BlackElo "1505"]
[PlyCount "97"]
[EventDate "2008.??.??"]

1. f4 Nf6 2. Nf3 Nc6 3. e3 a6 4. b3 d6 5. Bb2 e6 6. Bd3 Be7 7. O-O O-O 8. Nc3
Nb4 9. Be2 Nbd5 10. a3 Nxc3 11. Bxc3 Nd5 12. Bb2 Bf6 13. c3 b5 14. Qc2 c5 15.
Bd3 g6 16. Rac1 Bb7 17. Ba1 Qb6 18. Qd1 Nxf4 19. Bc2 Nd5 20. Qe1 c4 21. Qg3 Ne7
22. Ng5 Nf5 23. Bxf5 exf5 24. Rf4 h6 25. Nf3 Be4 26. Qh3 Kg7 27. Nd4 Bd3 28. b4
Rh8 29. g4 Bg5 30. Rf2 fxg4 31. Qxg4 f5 32. Qg3 Kh7 33. Bb2 Rhe8 34. Nf3 Qd8
35. h3 Re4 36. Rg2 Qf6 37. Nxg5+ Qxg5 38. Qxd6 Qh5 39. Qc7+ Kh8 40. Kh2 Rae8
41. Rcg1 R4e6 42. Qf7 Be4 43. Rxg6 Qe2+ 44. R1g2 Qxg2+ 45. Rxg2 Bxg2 46. Kxg2
Rg8+ 47. Kf2 Rgg6 48. d3 cxd3 49. c4+ 1-0

[Event "62.HEM 2008, Gruppe D"]
[Site "Hanau"]
[Date "2008.03.21"]
[Round "1.30"]
[White "Fischer, Stefan"]
[Black "Schwager, Alfred"]
[Result "1-0"]
[WhiteElo "1604"]
[BlackElo "1552"]
[PlyCount "107"]
[EventDate "2008.??.??"]

1. c4 e6 2. Nc3 Nf6 3. g3 b6 4. Bg2 c6 5. Nf3 Bb7 6. O-O Be7 7. d3 d5 8. cxd5
cxd5 9. d4 O-O 10. Bd2 Nbd7 11. Qb3 Ba6 12. Nb5 Ne4 13. Rfc1 Bxb5 14. Qxb5 Nd6
15. Qb3 Nf6 16. Ne5 Nfe4 17. Be1 Rc8 18. f3 Nf6 19. e3 Nd7 20. Nc6 Rxc6 21.
Rxc6 Nc4 22. Rxc4 dxc4 23. Qxc4 Qb8 24. Rc1 Bd8 25. Bb4 Re8 26. Qc6 Nf6 27. Bd6
Bc7 28. Qxc7 Qa8 29. Bf4 Nd5 30. Qc6 Qd8 31. a3 h6 32. Kf2 Kh7 33. Bd6 a5 34.
e4 Ne7 35. Qc7 Nc8 36. e5 Qg5 37. f4 Qf5 38. Qc2 Qxc2+ 39. Rxc2 f5 40. Rc7 Rd8
41. Ke3 Nxd6 42. exd6 Rxd6 43. Rc6 Rxc6 44. Bxc6 Kg6 45. d5 exd5 46. Bxd5 Kf6
47. a4 Ke7 48. Kd4 Kd6 49. b3 g5 50. h4 g4 51. Bf7 Ke7 52. Bg6 Kf6 53. h5 Ke6
54. Kc4 1-0